[Event "Poti Aleksandria Cup"]
[Site "Poti"]
[Date "2011.07.11"]
[Round "1"]
[White "Khvitia, Ilia"]
[Black "Azaladze, Shota"]
[Result "0-1"]
[WhiteElo "1846"]
[BlackElo "2436"]
[PlyCount "82"]
[EventDate "2011.07.11"]
[EventType "swiss"]
[EventRounds "9"]
[EventCountry "GEO"]
[SourceTitle "CBM 143 Extra"]
[Source "ChessBase"]
[SourceDate "2011.08.29"]
[SourceVersion "1"]
[SourceVersionDate "2011.08.29"]
[SourceQuality "1"]

1. e4 g6 2. d4 Bg7 3. Nc3 c6 4. f3 d5 5. exd5 cxd5 6. Be3 Nc6 7. Qd2 a6 8. 0-0-0 h5 9. Nge2 Nh6 10. Kb1 b5 11. Bf2 e6 12. Nc1 Nf5 13. Nb3 Nd6 14. g4 hxg4 15. fxg4 b4 16. Na4 Ne4 17. Qe1 Bd7 18. Nac5 Nxf2 19. Qxf2 Bc8 20. Be2 Qh4 21. Qf4 Qe7 22. Rhf1 Ra7 23. g5 Qc7 24. Qxc7 Rxc7 25. Nxa6 Bxa6 26. Bxa6 Rxh2 27. Bb5 Ke7 28. c3 bxc3 29. bxc3 Na7 30. Ba4 Rc4 31. Nc5 Rxc3 32. Rf4 Bxd4 33. Rfxd4 Rxc5 34. Rb4 Rc7 35. Rf1 Nc8 36. Rc1 Rxc1+ 37. Kxc1 Rxa2 38. Rb7+ Kf8 39. Bb3 Ra8 40. Kc2 Nd6 41. Rb4 Ne4 0-1